000 00300nam a2200121Ia 4500
008 190216s9999||||xx |||||||||||||| ||und||
100 _aRajanikanth Thiwari
245 0 _aHindi-Agrah Ke Bahar Mithra Bhashake Hasthaksher
260 _bPrakashan A S
300 _a241
650 _aHindi
942 _cBK
999 _c16386
_d16386